Business finance: (Record no. 354637)
[ view plain ]
| 000 -LEADER | |
|---|---|
| fixed length control field | 01051nam a22002537a 4500 |
| 003 - CONTROL NUMBER IDENTIFIER | |
| control field | SISC |
| 005 - DATE AND TIME OF LATEST TRANSACTION | |
| control field | 20180201101843.0 |
| 008 - FIXED-LENGTH DATA ELEMENTS--GENERAL INFORMATION | |
| fixed length control field | 180201b xxu||||| |||| 00| 0 eng d |
| 050 ## - LIBRARY OF CONGRESS CALL NUMBER | |
| Classification number | HF 5550 .C39 |
| 100 ## - MAIN ENTRY--PERSONAL NAME | |
| Personal name | Cayanan, Arthur S. |
| 245 ## - TITLE STATEMENT | |
| Title | Business finance: |
| Remainder of title | specialized subject academic-ABM / |
| Statement of responsibility, etc | Arthur S. Cayanan, Arthur P. Barrido, Diogenes C. Dy, Jerelleen A. Rodriguez, Rachelleen A. Rodriguez, Al-Habbyel B. Yusoph |
| 260 ## - PUBLICATION, DISTRIBUTION, ETC. (IMPRINT) | |
| Place of publication, distribution, etc | Quezon City: |
| Name of publisher, distributor, etc | Commission on Higher Education, |
| Date of publication, distribution, etc | 2016. |
| 300 ## - PHYSICAL DESCRIPTION | |
| Extent | 325 pages; |
| Dimensions | 28 cm. |
| 440 ## - SERIES STATEMENT/ADDED ENTRY--TITLE | |
| Title | Teaching guide for senior high school |
| 500 ## - GENERAL NOTE | |
| General note | This teaching guide by the Commission on Higher Education is licensed under a Creative Commons Attribution-NonCommercial-ShareAlike 4.0 International License. |
| 650 ## - SUBJECT ADDED ENTRY--TOPICAL TERM | |
| Source of heading or term | Library of Congress Subject Headings |
| Topical term or geographic name as entry element | Business finance |
| 700 ## - ADDED ENTRY--PERSONAL NAME | |
| Personal name | Barrido, Arthur P. |
| 700 ## - ADDED ENTRY--PERSONAL NAME | |
| Personal name | Dy, Diogenes C. |
| 700 ## - ADDED ENTRY--PERSONAL NAME | |
| Personal name | Rodriguez, Jerelleen A. |
| 700 ## - ADDED ENTRY--PERSONAL NAME | |
| Personal name | Rodriguez, Rachelleen A. |
| 700 ## - ADDED ENTRY--PERSONAL NAME | |
| Personal name | Yusoph, Al-Habbyel B. |
| 942 ## - ADDED ENTRY ELEMENTS (KOHA) | |
| Source of classification or shelving scheme | Library of Congress Classification |
| Koha item type | Books |
| Withdrawn status | Lost status | Source of classification or shelving scheme | Damaged status | Home library | Current library | Shelving location | Date acquired | Source of acquisition | Sub Shelving location | Total Checkouts | Full call number | Barcode | Date last seen | Copy number | Price effective from | Koha item type |
|---|---|---|---|---|---|---|---|---|---|---|---|---|---|---|---|---|
| Library of Congress Classification | Luxembourg Library | Luxembourg Library | Teachers Reference Section | 02/01/2018 | Donation | HF 5550 .C39 | 20502 | 02/01/2018 | 1 | 02/01/2018 | Books |